[Event "Augustow U18 op"]
[Site "Augustow"]
[Date "2011.02.26"]
[Round "9.2"]
[White "Buraczewski, Rafal"]
[Black "Oleksza, Radoslaw"]
[Result "1/2-1/2"]
[WhiteElo "1636"]
[BlackElo "1575"]
[PlyCount "71"]
[EventDate "2011.02.22"]
[EventType "swiss"]
[EventRounds "9"]
[EventCountry "POL"]
[SourceTitle "EXT 2023"]
[Source "ChessBase"]
[SourceDate "2022.10.05"]
[SourceVersion "1"]
[SourceVersionDate "2022.10.05"]
[SourceQuality "1"]

1. d4 Nf6 2. Nc3 g6 3. e4 d6 4. f3 Bg7 5. Be3 0-0 6. Qd2 a6 7. Nge2 b5 8. 0-0-0 Bb7 9. g4 Nbd7 10. h4 c5 11. dxc5 Nxc5 12. Bxc5 dxc5 13. Qxd8 Rfxd8 14. Bg2 e6 15. Rxd8+ Rxd8 16. Rd1 Rxd1+ 17. Nxd1 Nd7 18. c3 f5 19. Kd2 fxe4 20. fxe4 Ne5 21. Ne3 Kf7 22. Nf4 h6 23. Nd3 Nxd3 24. Kxd3 c4+ 25. Ke2 Bf6 26. h5 gxh5 27. gxh5 Bg5 28. Kf3 Bxe3 29. Kxe3 e5 30. Kf3 Ke7 31. Kg4 Bc8+ 32. Kh4 Kd6 33. Bh3 Bxh3 34. Kxh3 a5 35. Kg4 Ke6 36. a3 1/2-1/2

[Event "Augustow U18 op"]
[Site "Augustow"]
[Date "2011.02.24"]
[Round "6.2"]
[White "Murawko, Julia"]
[Black "Oleksza, Radoslaw"]
[Result "1/2-1/2"]
[WhiteElo "1503"]
[BlackElo "1575"]
[PlyCount "114"]
[EventDate "2011.02.22"]
[EventType "swiss"]
[EventRounds "9"]
[EventCountry "POL"]
[SourceTitle "EXT 2023"]
[Source "ChessBase"]
[SourceDate "2022.10.05"]
[SourceVersion "1"]
[SourceVersionDate "2022.10.05"]
[SourceQuality "1"]

1. e4 d5 2. exd5 Nf6 3. d4 Nxd5 4. Be2 Bf5 5. a3 e6 6. Nf3 Be7 7. c4 Nb6 8. Be3 c5 9. 0-0 cxd4 10. Nxd4 Bg6 11. Nb5 0-0 12. Qxd8 Bxd8 13. Nd2 Nc6 14. Bc5 Be7 15. Bxe7 Nxe7 16. Nf3 a6 17. Nc3 Rac8 18. b3 Rfd8 19. Rac1 Bd3 20. Rfd1 Bxe2 21. Nxe2 Kf8 22. Nc3 Nc6 23. Ne4 Na5 24. Rxd8+ Rxd8 25. Nc5 Rc8 26. b4 Naxc4 27. Nxb7 Nxa3 28. Rxc8+ Nxc8 29. Nc5 Nb6 30. Nxa6 Nd5 31. Nd4 Ke8 32. g3 Kd7 33. f4 Kc8 34. Kf2 Kb7 35. Nc5+ Kc7 36. Nd3 Kb6 37. Kf3 Nb5 38. Nc2 Nd6 39. Nd4 Nf5 40. Nc2 Kb5 41. g4 Nd6 42. Ke2 Ne4 43. Kf3 Nec3 44. Ne5 f6 45. Nf7 Kc4 46. Nd8 Nc7 47. Nc6 N3d5 48. Ne3+ Nxe3 49. Kxe3 Kb5 50. Nd8 Kxb4 51. Ke4 Kc5 52. h4 Kd6 53. Nb7+ Ke7 54. Nc5 Nd5 55. g5 fxg5 56. fxg5 Nc3+ 57. Ke5 Ne2 1/2-1/2

[Event "POL-ch qual U15"]
[Site "Lublin"]
[Date "2010.09.22"]
[Round "1.3"]
[White "Zochowski, Kacper"]
[Black "Oleksza, Radoslaw"]
[Result "1/2-1/2"]
[WhiteElo "1903"]
[BlackElo "1563"]
[PlyCount "134"]
[EventDate "2010.09.22"]
[EventType "swiss"]
[EventRounds "9"]
[EventCountry "POL"]
[SourceTitle "EXT 2023"]
[Source "ChessBase"]
[SourceDate "2022.10.05"]
[SourceVersion "1"]
[SourceVersionDate "2022.10.05"]
[SourceQuality "1"]

1. e4 d5 2. exd5 Nf6 3. Nc3 Nxd5 4. Bc4 c6 5. d4 Bf5 6. Nge2 e6 7. Ng3 Bg6 8. 0-0 Be7 9. Nxd5 cxd5 10. Bd3 0-0 11. Re1 Nc6 12. c3 Rc8 13. f4 Bh4 14. Qf3 Bxd3 15. Qxd3 Ne7 16. Be3 Bxg3 17. hxg3 Nf5 18. Kf2 Nd6 19. Bd2 Ne4+ 20. Rxe4 dxe4 21. Qxe4 Qd5 22. Qd3 Qc4 23. Qe4 Qd5 24. Qd3 Qc4 25. Qf3 Qd5 26. Qg4 Qe4 27. Rc1 Rfd8 28. Qf3 Qd5 29. b3 b5 30. Be3 a5 31. Qe2 h6 32. c4 bxc4 33. bxc4 Qf5 34. Qc2 Qxc2+ 35. Rxc2 Rc6 36. Ke2 Rb8 37. Kd3 Kf8 38. Bd2 a4 39. Kc3 Ke7 40. Bc1 g6 41. Ba3+ Kd7 42. Bb4 f5 43. a3 Rg8 44. Rd2 g5 45. d5 exd5 46. Rxd5+ Kc8 47. Rxf5 gxf4 48. gxf4 Rxg2 49. c5 Rgg6 50. Rf8+ Kb7 51. Rf7+ Rc7 52. Rf5 Rcc6 53. Kd4 Rcf6 54. Rxf6 Rxf6 55. Ke5 Rc6 56. f5 Kc8 57. f6 Kd7 58. f7 Ke7 59. Kd5 Rc8 60. c6+ Kxf7 61. Kc5 Ke6 62. Kb6 Kd5 63. c7 Ke6 64. Kb7 Kd7 65. Bd6 Rg8 66. Bf4 h5 67. Bg3 Re8 1/2-1/2

[Event "Bialystok-ch U20"]
[Site "Bialystok"]
[Date "2010.01.27"]
[Round "6"]
[White "Daciuk, Jaroslaw"]
[Black "Oleksza, Radoslaw"]
[Result "1/2-1/2"]
[WhiteElo "1553"]
[BlackElo "1544"]
[PlyCount "39"]
[EventDate "2010.01.25"]
[EventType "swiss"]
[EventRounds "9"]
[EventCountry "POL"]
[SourceTitle "EXT 2012"]
[Source "ChessBase"]
[SourceDate "2011.11.24"]
[SourceVersion "1"]
[SourceVersionDate "2011.11.24"]
[SourceQuality "1"]

1. c4 e5 2. Nc3 Nf6 3. Nf3 Nc6 4. g3 d5 5. cxd5 Nxd5 6. Bg2 Nxc3 7. bxc3 Bd6 8. 0-0 0-0 9. d4 exd4 10. Nxd4 Nxd4 11. cxd4 Rb8 12. Rb1 b6 13. Qa4 a5 14. Rd1 Ba6 15. e4 Qe8 16. Qxe8 Rfxe8 17. e5 Bb4 18. a3 Be7 19. Bc6 Rf8 20. a4 1/2-1/2

[Event "Bialystok-ch U20"]
[Site "Bialystok"]
[Date "2010.01.27"]
[Round "5"]
[White "Oleksza, Radoslaw"]
[Black "Wasiluk, Robert"]
[Result "1/2-1/2"]
[WhiteElo "1544"]
[BlackElo "1704"]
[PlyCount "61"]
[EventDate "2010.01.25"]
[EventType "swiss"]
[EventRounds "9"]
[EventCountry "POL"]
[SourceTitle "EXT 2012"]
[Source "ChessBase"]
[SourceDate "2011.11.24"]
[SourceVersion "1"]
[SourceVersionDate "2011.11.24"]
[SourceQuality "1"]

1. d4 d5 2. c4 e6 3. Nc3 Nf6 4. Nf3 Nbd7 5. Bg5 c6 6. e3 Qa5 7. Qa4 Qxa4 8. Nxa4 dxc4 9. Nc3 b5 10. Be2 Nd5 11. 0-0 Nxc3 12. bxc3 Bb7 13. Rab1 Nb6 14. Nd2 f6 15. Bh4 Be7 16. Bg3 a5 17. Nxc4 Nd5 18. Rfc1 Bc8 19. Nd6+ Bxd6 20. Bxd6 Kd7 21. Bc5 Ba6 22. g3 Rhb8 23. a3 Nb6 24. Bxb6 Rxb6 25. Rb2 Rab8 26. Rcb1 Kc7 27. Kf1 Bc8 28. f4 Bd7 29. Bd3 g6 30. Ke2 e5 31. Kd2 1/2-1/2

[Event "Augustow qual zone MPJ+OOM U15"]
[Site "Augustow"]
[Date "2009.10.05"]
[Round "3.3"]
[White "Oleksza, Radoslaw"]
[Black "Gora, Jan"]
[Result "1-0"]
[WhiteElo "1544"]
[BlackElo "1806"]
[PlyCount "53"]
[EventDate "2009.10.04"]
[EventType "swiss"]
[EventRounds "9"]
[EventCountry "POL"]
[SourceTitle "EXT 2023"]
[Source "ChessBase"]
[SourceDate "2022.10.05"]
[SourceVersion "1"]
[SourceVersionDate "2022.10.05"]
[SourceQuality "1"]

1. e4 c5 2. Nf3 Nc6 3. d4 cxd4 4. Nxd4 g6 5. Nc3 Bg7 6. Nxc6 bxc6 7. Bc4 Qa5 8. Bd2 Qb4 9. Bb3 Bxc3 10. Bxc3 Qxe4+ 11. Qe2 Qxe2+ 12. Kxe2 Nf6 13. f3 0-0 14. Rhe1 Ba6+ 15. Kf2 Rfe8 16. Rad1 d5 17. Ba4 Rac8 18. Re3 Kf8 19. Rde1 Nd7 20. Bb4 Nb6 21. Rxe7 Red8 22. Rxa7+ c5 23. Ba5 Nxa4 24. Bxd8 Bb5 25. Bf6 d4 26. Ree7 Be8 27. Rxe8+ 1-0

[Event "Sokolka Hawk City 400 Years"]
[Site "Sokolka"]
[Date "2009.06.28"]
[Round "1.1"]
[White "Olszewski, Andrzej"]
[Black "Oleksza, Radoslaw"]
[Result "1-0"]
[WhiteElo "2303"]
[BlackElo "1544"]
[PlyCount "65"]
[EventDate "2009.06.28"]
[EventType "swiss"]
[EventRounds "9"]
[EventCountry "POL"]
[SourceTitle "EXT 2023"]
[Source "ChessBase"]
[SourceDate "2022.10.05"]
[SourceVersion "1"]
[SourceVersionDate "2022.10.05"]
[SourceQuality "1"]

1. e4 c6 2. d4 d5 3. f3 dxe4 4. fxe4 e5 5. c3 Qh4+ 6. Kd2 Nf6 7. Bd3 Qg5+ 8. Kc2 Qxg2+ 9. Ne2 Bg4 10. Qg1 Qxg1 11. Rxg1 Bxe2 12. Bxe2 Nxe4 13. Bf3 Nd6 14. dxe5 Nc4 15. Bf4 Nd7 16. Re1 Nc5 17. b3 Nb6 18. Nd2 0-0-0 19. Bg3 Be7 20. Ne4 Nxe4 21. Bxe4 Bg5 22. Re2 g6 23. Bg2 Rhe8 24. Bh3+ Nd7 25. Rf2 Re7 26. Raf1 f5 27. exf6 Rf7 28. Be6 Rdf8 29. Bd6 Kd8 30. Bxf8 Rxf8 31. Rd1 Bxf6 32. Rxd7+ Ke8 33. Rxb7 1-0

[Event "POL-ch PL+LU U13"]
[Site "Augustow"]
[Date "2007.10.13"]
[Round "9.1"]
[White "Sowul, Bartosz"]
[Black "Oleksza, Radoslaw"]
[Result "1-0"]
[WhiteElo "1999"]
[BlackElo "1400"]
[PlyCount "129"]
[EventDate "2007.10.08"]
[EventType "swiss"]
[EventRounds "9"]
[EventCountry "POL"]
[SourceTitle "EXT 2023"]
[Source "ChessBase"]
[SourceDate "2022.10.05"]
[SourceVersion "1"]
[SourceVersionDate "2022.10.05"]
[SourceQuality "1"]

1. e4 c6 2. d4 d5 3. exd5 cxd5 4. c4 e6 5. Nc3 Nf6 6. Nf3 Nc6 7. Bg5 Be7 8. Bd3 h6 9. Bf4 0-0 10. 0-0 Bb4 11. Rc1 Re8 12. Nb5 Ba5 13. a3 a6 14. Nd6 Bc7 15. Nxe8 Bxf4 16. Nxf6+ Qxf6 17. Rc2 Bd7 18. Re1 Kf8 19. Bf1 Rd8 20. c5 Bc8 21. g3 Bc7 22. Bg2 e5 23. dxe5 Nxe5 24. Nxe5 Bxe5 25. Qe2 Bd4 26. Bxd5 Kg8 27. Be4 g6 28. Qf3 Bxb2 29. Qxf6 Bxf6 30. Rb1 Rd7 31. Rb6 Be7 32. a4 Kf8 33. c6 bxc6 34. Rcxc6 Rd1+ 35. Kg2 Bd7 36. Rb8+ Kg7 37. Rxa6 Rd4 38. Bc6 Bxc6+ 39. Rxc6 Rxa4 40. Rb7 Re4 41. Rcc7 Kf6 42. Rc6+ Kg7 43. Rc3 f6 44. Re3 Rxe3 45. fxe3 Kf7 46. e4 Ke6 47. g4 g5 48. h3 Bf8 49. Kf3 Ke5 50. Rf7 Bc5 51. Rh7 Bf8 52. Rh8 Bc5 53. Rxh6 Ba3 54. h4 Bc1 55. h5 Ke6 56. Rh8 Kf7 57. Rh7+ Kg8 58. Rb7 Bf4 59. Ke2 Kh8 60. Kd3 Kg8 61. Kc4 Be5 62. Kd5 Kf8 63. h6 Kg8 64. Ke6 Kh8 65. Kf5 1-0

[Event "POL-ch PL+LU U13"]
[Site "Augustow"]
[Date "2007.10.12"]
[Round "7.6"]
[White "Toczydlowski, Michal"]
[Black "Oleksza, Radoslaw"]
[Result "1/2-1/2"]
[WhiteElo "1600"]
[BlackElo "1400"]
[PlyCount "68"]
[EventDate "2007.10.08"]
[EventType "swiss"]
[EventRounds "9"]
[EventCountry "POL"]
[SourceTitle "EXT 2023"]
[Source "ChessBase"]
[SourceDate "2022.10.05"]
[SourceVersion "1"]
[SourceVersionDate "2022.10.05"]
[SourceQuality "1"]

1. e4 c6 2. d4 d5 3. exd5 cxd5 4. c4 dxc4 5. Bxc4 Nf6 6. Nc3 Nc6 7. Nf3 Bg4 8. Bb5 e6 9. 0-0 a6 10. Bxc6+ bxc6 11. h3 Bxf3 12. Qxf3 Nd5 13. a3 Bd6 14. Rd1 0-0 15. Bd2 Rb8 16. b4 Qh4 17. Ne4 Qd8 18. Nc5 Bxc5 19. dxc5 Qf6 20. Qxf6 Nxf6 21. Bf4 Rbd8 22. Rd6 Rxd6 23. cxd6 Nd5 24. Bg3 f6 25. Rc1 e5 26. Rxc6 Kf7 27. Rxa6 Ke6 28. Kf1 Rd8 29. Ra7 Rd7 30. Rxd7 Kxd7 31. Ke1 Kxd6 32. Kd2 Kc6 33. Kc2 Kb5 34. Kb3 Nb6 1/2-1/2

[Event "POL-ch PL+LU U13"]
[Site "Augustow"]
[Date "2007.10.09"]
[Round "1.7"]
[White "Oleksza, Radoslaw"]
[Black "Gora, Jan"]
[Result "0-1"]
[WhiteElo "1400"]
[BlackElo "1610"]
[PlyCount "88"]
[EventDate "2007.10.08"]
[EventType "swiss"]
[EventRounds "9"]
[EventCountry "POL"]
[SourceTitle "EXT 2023"]
[Source "ChessBase"]
[SourceDate "2022.10.05"]
[SourceVersion "1"]
[SourceVersionDate "2022.10.05"]
[SourceQuality "1"]

1. d4 Nf6 2. Nc3 e6 3. Bg5 Be7 4. e4 h6 5. Bh4 Nxe4 6. Bxe7 Nxc3 7. Bxd8 Nxd1 8. Bxc7 Nxb2 9. Nf3 Nc6 10. Rb1 Na4 11. Bd6 Nc3 12. Rb3 Ne4 13. Ba3 b6 14. Bd3 Nf6 15. 0-0 Bb7 16. c3 Na5 17. Rb2 Bxf3 18. gxf3 Rc8 19. Rc2 Nd5 20. c4 Nf4 21. Rd1 Nxd3 22. Rxd3 Rxc4 23. Rdc3 d5 24. Rxc4 Nxc4 25. Kg2 Kd7 26. Rc3 Rc8 27. Kg3 h5 28. Kh4 g6 29. Kg5 a6 30. Kf6 b5 31. Kxf7 Ne5+ 32. dxe5 Rxc3 33. Bb4 Rxf3+ 34. Kxg6 Rxf2 35. a3 Rxh2 36. Kg5 d4 37. Kf4 d3 38. Ke3 d2 39. Bxd2 Rxd2 40. Kxd2 b4 41. Ke3 Kc6 42. Kf4 a5 43. Kg5 Kd5 44. Kf4 Kd4 0-1